| 000 | 00415nam a2200145Ia 4500 | ||
|---|---|---|---|
| 005 | 20250314035021.0 | ||
| 008 | 240331s9999 xx 000 0 und d | ||
| 082 |
_bILA _a894 |
||
| 100 | _aIlankoadikal,V | ||
| 245 | 0 |
_aSilappathikaramoolamum : _barumpathavuraiyum adiyatkkunallaruraiyum |
|
| 260 |
_aThanchavur _bTamil palkalai kalakham _c1985 |
||
| 300 | _aXXIX, 744 p ., | ||
| 650 | _aSilapathikaram | ||
| 942 | _cL | ||
| 999 |
_c3964 _d3964 |
||